| 000 | 00412nam a2200169Ia 4500 | ||
|---|---|---|---|
| 008 | 231217s9999 xx 000 0 und d | ||
| 020 | _a8178812576 | ||
| 041 | _aEnglish | ||
| 082 | _a332.494 CHO;1 | ||
| 100 | _aChowdary, Nagendra V ed. | ||
| 245 | 0 | _aEuro : issues and challenges | |
| 250 | _a1st ed. | ||
| 260 |
_c2004 _bICFAI Press _aHyderabad |
||
| 300 | _axi, 194 | ||
| 650 | _aICFAI | ||
| 942 | _cAA | ||
| 999 |
_c181458 _d181458 |
||